Statistics for Foods Starting with F

Click here to take the quiz!

General Stats

  • This quiz has been taken 119 times
  • The average score is 7 of 15

Answer Stats

Answer% Correct
Fig
89%
Flour
81%
French Fries
77%
Fish and Chips
56%
Flan
53%
Fruit Salad
52%
French Toast
50%
Froot Loops
50%
Falafel
48%
Fudge
41%
Fettuccine
27%
Frosted Flakes
17%
Fun Dip
14%
French Onion Soup
10%
Fajita
8%

Score Distribution

Percentile by Number Answered

Percent of People with Each Score

Your Score History

You have not taken this quiz